000 00421 a2200169 4500
001 002105
003 OSt
005 20220106104132.0
008
082 _a809.3
_bE74E
100 1 _aHoffman, M.J.
245 1 _aEssentials of the theory of fiction
_cby M.J. Hoffman
260 _aEdinburgh
_bDuke University
_c2005
300 _a511p.
653 _aFiction; English
942 _2ddc
_cBK
999 _c56
_d56